MARC details
| 000 -LEADER |
| campo de control de longitud fija |
01614nmc a2200397 a 4500 |
| 003 - IDENTIFICADOR DE NÚMERO DE CONTROL |
| campo de control |
AR-BaBNM |
| 005 - FECHA Y HORA DE LA ÚLTIMA TRANSACCIÓN |
| campo de control |
20251128202658.0 |
| 008 - DATOS DE LONGITUD FIJA--INFORMACIÓN GENERAL |
| campo de control de longitud fija |
035020s2003 ||||||||||||||000 | spa|| |
| 020 ## - NÚMERO INTERNACIONAL ESTÁNDAR DEL LIBRO |
| Número Internacional Estándar del Libro |
950-07-2344-1 |
| 040 ## - FUENTE DE CATALOGACIÓN |
| Centro/agencia transcriptor |
AR-BaBNM |
| 245 10 - MENCIÓN DEL TÍTULO |
| Título |
Violencia, proscripción y autoritarismo |
| Resto del título |
1955-1976 |
| 260 ## - PUBLICACIÓN, DISTRIBUCIÓN, ETC. |
| Lugar de publicación, distribución, etc. |
Buenos Aires |
| Nombre del editor, distribuidor, etc. |
Sudamericana |
| Fecha de publicación, distribución, etc. |
2003 |
| 300 0# - DESCRIPCIÓN FÍSICA |
| Extensión |
439 p. |
| Otros detalles físicos |
fot. |
| 490 #0 - MENCIÓN DE SERIE |
| Mención de serie |
Nueva historia argentina |
| Designación de volumen o secuencia |
v. 9 |
| 505 ## - NOTA DE CONTENIDO CON FORMATO |
| Título |
Golpes, proscripciones y partidos políticos |
| Mención de responsabilidad |
Tcach, César |
| 505 ## - NOTA DE CONTENIDO CON FORMATO |
| Título |
El país del desarrollo posible |
| Mención de responsabilidad |
Aroskind, Ricardo |
| 505 ## - NOTA DE CONTENIDO CON FORMATO |
| Título |
Sindicatos, burócratas y movilización |
| Mención de responsabilidad |
James, Daniel |
| 505 ## - NOTA DE CONTENIDO CON FORMATO |
| Título |
El interior en disputa : proyectos de desarrollo y movimientos de protesta en las regiones extrapampeanas |
| Mención de responsabilidad |
Healey, Mark Alan |
| 505 ## - NOTA DE CONTENIDO CON FORMATO |
| Título |
¿Y esto es Buenos Aires? : los contrastes del proceso de urbanización |
| Mención de responsabilidad |
Auyero, Javier |
| 505 ## - NOTA DE CONTENIDO CON FORMATO |
| Título |
La modernización cultural y la irrupción de la sociología |
| Mención de responsabilidad |
Rubinich, Lucas |
| 505 ## - NOTA DE CONTENIDO CON FORMATO |
| Título |
Rebeldes y modernos : una cultura de los jóvenes |
| Mención de responsabilidad |
Pujol, Sergio A. |
| 505 ## - NOTA DE CONTENIDO CON FORMATO |
| Título |
Protesta, rebelión y movilización : de la resistencia a la lucha armada, 1955-1973 |
| Mención de responsabilidad |
Gordillo, Mónica B. |
| 505 ## - NOTA DE CONTENIDO CON FORMATO |
| Título |
El populismo imposible y sus actores, 1973-1976 |
| Mención de responsabilidad |
Svampa, Maristella |
| 650 #4 - PUNTO DE ACCESO ADICIONAL DE MATERIA--TÉRMINO DE MATERIA |
| Término de materia o nombre geográfico como elemento de entrada |
HISTORIA ARGENTINA |
| 650 #4 - PUNTO DE ACCESO ADICIONAL DE MATERIA--TÉRMINO DE MATERIA |
| Término de materia o nombre geográfico como elemento de entrada |
CORDOBAZO |
| 650 #4 - PUNTO DE ACCESO ADICIONAL DE MATERIA--TÉRMINO DE MATERIA |
| Término de materia o nombre geográfico como elemento de entrada |
SINDICATOS |
| 650 #4 - PUNTO DE ACCESO ADICIONAL DE MATERIA--TÉRMINO DE MATERIA |
| Término de materia o nombre geográfico como elemento de entrada |
PARTIDOS POLITICOS ARGENTINOS |
| 650 #4 - PUNTO DE ACCESO ADICIONAL DE MATERIA--TÉRMINO DE MATERIA |
| Término de materia o nombre geográfico como elemento de entrada |
URBANIZACION |
| 650 #4 - PUNTO DE ACCESO ADICIONAL DE MATERIA--TÉRMINO DE MATERIA |
| Término de materia o nombre geográfico como elemento de entrada |
INTELECTUALES |
| 650 #4 - PUNTO DE ACCESO ADICIONAL DE MATERIA--TÉRMINO DE MATERIA |
| Término de materia o nombre geográfico como elemento de entrada |
HISTORIA CULTURAL |
| 653 ## - TÉRMINO DE INDIZACIÓN--NO CONTROLADO |
| Término no controlado |
PERONISMO |
| 700 1# - ENTRADA AGREGADA--NOMBRE PERSONAL |
| Nombre de persona |
James, Daniel |
| Término indicativo de función/relación |
director |
| 800 1# - PUNTO DE ACCESO ADICIONAL DE SERIE--NOMBRE DE PERSONA |
| Nombre de persona |
Suriano, Juan |
| 942 ## - ELEMENTOS DE ENTRADA SECUNDARIOS (KOHA) |
| Tipo de ítem Koha |
Libros |
| 998 ## - INFORMACIÓN DE CONTROL LOCAL (RLIN) |
| Iniciales del catalogador, CIN (RLIN) |
me-solo cat |